000 002830000a22000970004500
100 1 _aSaravia Ríos, Elizabeth
245 1 0 _a"La cocina es el hombre y sus circunstancias"
300 _aVol.0, núm.0 (2007), Página 70
773 0 _tArcadia / Andrés Felipe Solano, Editor
942 _cANA
999 _c62328
_d62328